00719nam a2200241 a 4500001001300000003000900013005001700022008004100039020001000080082001300090100001700103245007300120260005100193300000800244500003500252505001000287650001900297700001700316902000800333942000700341952011400348999001500462nice12345678IN_TiNIC20260116012722.0050524s1985 ausa grp 000 0 eng  ac10000a270bHOU aHouston, Jim aAccepts of Faithb the Churches of the Victorian Council of Churches aAustraliabVictorian Council of Churchesc1985 a55p aincludes index and biblioraphy2 aIndex aChurch-History1 aHouston, Jim bSRS cBK 001040708StackRoom-aHMIbHMId2007-07-17g100.00l0o270 HOUp013436r2007-07-17v100.00w2005-05-24yBK c8086d8086